Property projects aid economy (Record no. 72967)

MARC details
000 -LEADER
fixed length control field 01070cam a2200205 4500
001 - CONTROL NUMBER
control field WB3925-14
008 - FIXED-LENGTH DATA ELEMENTS--GENERAL INFORMATION
fixed length control field 030701n2003 000 0 eng u
035 ## - SYSTEM CONTROL NUMBER
System control number (Sirsi) u122841
245 ## - TITLE STATEMENT
Title Property projects aid economy
260 ## - PUBLICATION, DISTRIBUTION, ETC.
Date of publication, distribution, etc. 2003
490 ## - SERIES STATEMENT
Series statement Planning (for the Natural and Built Environment)
Volume/sequential designation (1525) 27 June 2003, 5(1)
520 ## - SUMMARY, ETC.
Summary, etc. A new report published by the BPF and researched by the College of Estate Management argues that property-led mixed-use regeneration projects can bring significant economic benefits. The research examined regeneration schemes at Brindleyplace in Birmingham and Gunwharf Quays in Portsmouth and concluded that the projects generated about 5 840 full-time jobs and brought in £31m in taxes. Executive summary of "Mixed-use urban regeneration at Brindleyplace and Gunwharf Quays" available at www.bpf.org.uk/research/doc/18.
590 ## - LOCAL NOTE (RLIN)
Local note WB
650 ## - SUBJECT ADDED ENTRY--TOPICAL TERM
Topical term or geographic name entry element ECONOMIC IMPACT
650 ## - SUBJECT ADDED ENTRY--TOPICAL TERM
Topical term or geographic name entry element REGENERATION PROJECTS
650 ## - SUBJECT ADDED ENTRY--TOPICAL TERM
Topical term or geographic name entry element URBAN REGENERATION
650 ## - SUBJECT ADDED ENTRY--TOPICAL TERM
Topical term or geographic name entry element MIXED-USE DEVELOPMENTS
690 ## - LOCAL SUBJECT ADDED ENTRY--TOPICAL TERM (OCLC, RLIN)
Topical term or geographic name as entry element REGENERATION
942 ## - ADDED ENTRY ELEMENTS (KOHA)
Suppress in OPAC 0
Holdings
Withdrawn status Lost status Source of classification or shelving scheme Damaged status Not for loan Home library Current library Shelving location Date acquired Total Checkouts Full call number Barcode Date last seen Copy number Price effective from Koha item type
    Dewey Decimal Classification     London London News article 01/07/2003   WB3925-14 122841-1001 06/08/2019 1 06/08/2019 News article